World great physicists (Record no. 10858)

MARC details
000 -LEADER
fixed length control field 00810nam a2200241Ia 4500
003 - CONTROL NUMBER IDENTIFIER
control field IN-BaIIA
008 - FIXED-LENGTH DATA ELEMENTS--GENERAL INFORMATION
fixed length control field 211028s9999 xx 000 0 eng d
020 ## - INTERNATIONAL STANDARD BOOK NUMBER
International Standard Book Number 81-7041-762-7
040 ## - CATALOGING SOURCE
Transcribing agency IIA Library
080 ## - UNIVERSAL DECIMAL CLASSIFICATION NUMBER
Universal Decimal Classification number [8]:01:00
Item number WOR-2
245 #0 - TITLE STATEMENT
Title World great physicists
Remainder of title vol. 2
Statement of responsibility, etc. edited by G. R. Chhatwal…[et.al.]
260 ## - PUBLICATION, DISTRIBUTION, ETC.
Place of publication, distribution, etc. New Delhi
Name of publisher, distributor, etc. Anmol Publications
Date of publication, distribution, etc. 1993
300 ## - PHYSICAL DESCRIPTION
Extent 377-723p.
490 ## - SERIES STATEMENT
Series statement Encyclopaedia of world scientists series
650 ## - SUBJECT ADDED ENTRY--TOPICAL TERM
Topical term or geographic name entry element Astronomy and astrophysics thesaurus
650 ## - SUBJECT ADDED ENTRY--TOPICAL TERM
Topical term or geographic name entry element Biography - Physicists
9 (RLIN) 5693
650 ## - SUBJECT ADDED ENTRY--TOPICAL TERM
Topical term or geographic name entry element Physicists - Biography
9 (RLIN) 5694
700 ## - ADDED ENTRY--PERSONAL NAME
Personal name Anand, S. C., ed.
9 (RLIN) 18573
700 ## - ADDED ENTRY--PERSONAL NAME
Personal name Arora, S. K., ed.
9 (RLIN) 18574
700 ## - ADDED ENTRY--PERSONAL NAME
Personal name Chhatwal, G. R., ed.
9 (RLIN) 18575
700 ## - ADDED ENTRY--PERSONAL NAME
Personal name Raj Kumar, ed.
9 (RLIN) 18576
942 ## - ADDED ENTRY ELEMENTS (KOHA)
Koha item type Books
Holdings
Withdrawn status Lost status Damaged status Not for loan Home library Current library Shelving location Date acquired Cost, normal purchase price Total Checkouts Full call number Barcode Date last seen Cost, replacement price Price effective from Koha item type Purchase Price
        IIA Library-Bangalore IIA Library-Bangalore General Stacks 17/11/1993 1500.00   92:53/ WOR-2 11770 05/11/2021 1500.00 17/11/1993 Books Rs. 1500/ set

Powered by Koha